Treatise on Indian medicinal plants. 3 V (Record no. 40705)

MARC details
000 -LEADER
fixed length control field 00349nam a2200121Ia 4500
082 ## - DEWEY DECIMAL CLASSIFICATION NUMBER
Classification number 633.88(540)
Item number ASI.1-3
245 #0 - TITLE STATEMENT
Title Treatise on Indian medicinal plants. 3 V
250 ## - EDITION STATEMENT
Edition statement Reprint ed
260 ## - PUBLICATION, DISTRIBUTION, ETC. (IMPRINT)
Place of publication New Delhi
Name of publisher Publications and Information directorate
700 ## - ADDED ENTRY--PERSONAL NAME
Personal name Asima Chatterjee
942 ## - ADDED ENTRY ELEMENTS (KOHA)
Koha item type Books
Holdings
Withdrawn status Lost status Damaged status Not for loan Home library Current library Date acquired Cost, normal purchase price Full call number Accession Number Koha item type
        RRII Library RRII Library 16/12/2021 900.00 633.88(540) ASI.1-3 21002 Books